Collins diccionario español-inglés, inglés-español

Enregistré dans:
Détails bibliographiques
Format: Livre
Langue:anglais
espagnol
Publié: Barcelona Grijalbo 1994
Édition:2a. ed
Sujets:
Tags: Ajouter un tag
Pas de tags, Soyez le premier à ajouter un tag!

MARC

LEADER 00000nam a2200000 a 4500
001 UCQ0089
003 CL-VaPUC
008 980619e19940000SP |||||||||||||||||eng|d
041 0 7 |a eng  |2 CL-VaPUC 
041 0 7 |a spa  |2 CL-VaPUC 
082 0 4 |a 463.21  |b COL  |2 21 
245 1 0 |a Collins diccionario español-inglés, inglés-español 
250 |a 2a. ed 
300 |a 570 p 
942 |c BK 
945 |d 19980619 00:00:00  |a mvenant 
260 |a Barcelona  |b Grijalbo  |c 1994 
500 |a Acompaña diskette 
650 0 |a Español  |9 255372 
650 0 |a Inglés  |9 260023 
650 0 |a Diccionarios  |9 256200 
583 |a last modification  |c 19980619 00:00:00  |k Rodrigo Vera 
999 |c 271249  |d 271247 
952 |0 0  |1 0  |4 0  |6 463_210000000000000_COL_1994  |7 0  |8 F  |9 305848  |a BIBDER  |b BIBDER  |d 2019-11-20  |i 343771K  |o 463.21 COL 1994  |p 343771K  |r 2023-01-25  |w 2019-11-20  |y BK_F  |k DER